Fifty years data handbook (Record no. 1457999)

MARC details
000 -LEADER
fixed length control field 00567nam a2200205Ia 4500
005 - DATE AND TIME OF LATEST TRANSACTION
control field 20250923145955.0
008 - FIXED-LENGTH DATA ELEMENTS--GENERAL INFORMATION
fixed length control field 008 250917s9999 xx 000 0 eng d
037 ## - SOURCE OF ACQUISITION
Stock number Textual
040 ## - CATALOGING SOURCE
Original cataloging agency DSWL
Language of cataloging eng
Transcribing agency DSWL
041 ## - LANGUAGE CODE
Language code of text/sound track or separate title eng
Source of code eng
084 ## - COLON CLASSIFICATION NUMBER
Classification number z2'N97<-N47, N97
Assigning agency DSWL
100 ## - MAIN ENTRY--PERSONAL NAME
Personal name AGGARWAL, J
9 (RLIN) 840882
245 #0 - TITLE STATEMENT
Title Fifty years data handbook
Statement of responsibility, etc. by J AGGARWAL
260 ## - PUBLICATION, DISTRIBUTION, ETC.
Place of publication, distribution, etc. Delhi
Name of publisher, distributor, etc. Shipra Publications
Date of publication, distribution, etc. 1996
300 ## - PHYSICAL DESCRIPTION
Extent xv,251p.
365 ## - TRADE PRICE
Price type code INR
Price amount 350
925 ## -
-- 350
942 ## - ADDED ENTRY ELEMENTS (KOHA)
Koha item type Textual
Classification part z2'N97<-N47, N97
Holdings
Withdrawn status Lost status Damaged status Not for loan Home library Current library Date acquired Total Checkouts Full call number Barcode Date last seen Price effective from Koha item type
        Department of Social Work Library Department of Social Work Library 2025-09-23   z2'N97<-N47, N97 SW0026281 2025-09-23 2025-09-23 Textual
Copyright @ Delhi University Library System